Catálogo

Descubriendo el propósito de mi vida / (Registro nro. 40114)

Detalles MARC
000 -LEADER
fixed length control field 01440cam a2200385 i 4500
001 - CONTROL NUMBER
control field 40114
003 - CONTROL NUMBER IDENTIFIER
control field Mx-PuUPA
005 - DATE AND TIME OF LATEST TRANSACTION
control field 20240410103810.0
008 - FIXED-LENGTH DATA ELEMENTS--GENERAL INFORMATION
fixed length control field 140415s2000 000 0 spa d
020 ## - INTERNATIONAL STANDARD BOOK NUMBER
International Standard Book Number 970240617X
040 ## - CATALOGING SOURCE
Original cataloging agency Mx-PuUPA
Language of cataloging spa
Transcribing agency Mx-PuUPA
Modifying agency Mx-PuUPA
Description conventions rda
041 1# - LANGUAGE CODE
Language code of text/sound track or separate title spa
Language code of original eng
100 1# - MAIN ENTRY--PERSONAL NAME
Personal name Linn, Matthew,
9 (RLIN) 10253
Relator term autor
240 10 - UNIFORM TITLE
Uniform title Healing the purpose of your life.
Language of a work Español
245 10 - TITLE STATEMENT
Title Descubriendo el propósito de mi vida /
Statement of responsibility, etc. Matthew Linn, Sheila Fabricant Linn, Dennis Linn ; traducción Eliane Cazenave ; ilustrador, Francisco Miranda
250 ## - EDITION STATEMENT
Edition statement Primera edición
264 #4 - PRODUCTION, PUBLICATION, DISTRIBUTION, MANUFACTURE, AND COPYRIGHT NOTICE
Place of production, publication, distribution, manufacture México, D.F. :
Name of producer, publisher, distributor, manufacturer Grupo Patria Cultural,
Date of production, publication, distribution, manufacture, or copyright notice 2004
300 ## - PHYSICAL DESCRIPTION
Extent 95 páginas :
Other physical details ilustraciones ;
Dimensions 22 cm
336 ## - CONTENT TYPE
Content type term texto
Fuente rdacontent
Content type code txt
337 ## - MEDIA TYPE
Media type term sin medio
Source rdamedia
Media type code n
338 ## - CARRIER TYPE
Carrier type term volumen
Source rdacarrier
Carrier type code nc
490 0# - SERIES STATEMENT
Series statement Biblioteca Hermanos Linn
650 #4 - SUBJECT ADDED ENTRY--TOPICAL TERM
Topical term or geographic name entry element Vida cristiana
650 #4 - SUBJECT ADDED ENTRY--TOPICAL TERM
Topical term or geographic name entry element Motivación personal
650 #4 - SUBJECT ADDED ENTRY--TOPICAL TERM
Topical term or geographic name entry element Autores católicos
700 1# - ADDED ENTRY--PERSONAL NAME
Personal name Linn, Sheila Fabricant,
Relator term autor
9 (RLIN) 9945
700 1# - ADDED ENTRY--PERSONAL NAME
Personal name Linn, Dennis,
Relator term autor
700 1# - ADDED ENTRY--PERSONAL NAME
Personal name Cazenave, Eliane,
Relator term traductor
700 1# - ADDED ENTRY--PERSONAL NAME
Personal name Miranda, Francisco,
Relator term ilustrador
765 18 - ORIGINAL LANGUAGE ENTRY
Main entry heading Linn, Matthew,
Place, publisher, and date of publication Wisconsin : Provicial, 1998
Title Healing the purpose of your life.
942 ## - ADDED ENTRY ELEMENTS (KOHA)
Source of classification or shelving scheme Dewey Decimal Classification
Koha item type Libro
Classification part 248.482
Item part L735
Existencias
Withdrawn status Lost status Source of classification or shelving scheme Damaged status Not for loan Collection code Home library Current library Shelving location Date acquired Source of acquisition Total Checkouts Full call number Barcode Date last seen Price effective from Koha item type
    Dewey Decimal Classification     General Biblioteca Karol Wojtyla Biblioteca Karol Wojtyla Sala general 03/12/2013 Compra   248.482 L735 2004 60214 05/01/2026 03/12/2013 Libro